| 000 | 00747cam a2200253 i 4500 | ||
|---|---|---|---|
| 999 |
_c7830 _d7830 |
||
| 001 | 7830 | ||
| 003 | BD-JhCC | ||
| 005 | 20180214131409.0 | ||
| 008 | 800204s1972 bg a 000 0 eng | ||
| 035 | _a(BD-JhCC)7830 | ||
| 040 |
_aDLC _cDLC _dDLC _dBD-JhCC |
||
| 041 | 1 | _aengben | |
| 050 | 0 | 0 |
_aGR304.5 _b.C46 |
| 082 | 0 | 0 |
_a398.2/09549/2 _bCHO 1972 |
| 100 | 1 |
_aChowdhury, Kabir, _d1923-2011. |
|
| 245 | 1 | 0 |
_aFolktales of Bangladesh / _c[Compiled, edited, and translated from original Bengali by Kabir Chowdhury]. |
| 250 | _a1st ed. | ||
| 260 |
_aDacca : _bBangla Academy, _c1972. |
||
| 300 |
_av. : _bill. ; _c22 cm. |
||
| 650 | 0 |
_aBengali (South Asian people) _xFolklore. |
|
| 650 | 0 |
_aTales _zBangladesh. |
|
| 942 |
_2ddc _cBK |
||